| 000 | 00595 a2200193 4500 | ||
|---|---|---|---|
| 001 | 139710 | ||
| 040 | _cLeonardo Da Vinci | ||
| 041 | _aPortuguês | ||
| 082 |
_a869.93 B795r _bB795r |
||
| 100 | _aBRAGA, Rubem | ||
| 245 | _aRubem Braga | ||
| 260 |
_bAbril Educação _c1980 _aSão Paulo |
||
| 300 | _a95 | ||
| 362 | _a19800000 | ||
| 490 | _aLiteratura Comentada | ||
| 500 | _aInclui vida e obra do autor. Paulo Elias Allane Franchetti e Antônio Alcir Bernardez Pecora (Seleção de textos, notas e estudo biográfico) | ||
| 697 |
_aLiteratura _aCrônica _aCrítica _aBrasil |
||
| 942 | _cBK | ||
| 999 |
_c139710 _d139710 |
||